00498nam a2200157 a 450000100100000000500170001000800410002702000150006804000250008324500330010826000290014130000320017050500390020250000380024171000610027900004263120201002040303.0140203s1984 sp ac 000 0 spa d a8477000530 aDO-SdBNPbspacBNPHU00aHistoria Universal del Arte. aMadrid, :bSARPE,c1984. av. :bil., retrs. ;c28 cm.1 tBibliografías de artistasgv. 10 aLa biblioteca posee el volumen 102 aSociedad Anónima de Revistas, Periódicos y Ediciones